000 00362nam a2200157Ia 4500
008 230917s9999||||xx |||||||||||||| ||und||
020 _cRS525
040 _e33587
_aMAIN
041 _aEnglish
082 _a363.7 S13S
100 _aPawar, S N, ed.
245 0 _aSociology of environment
260 _aJaipur
_bRawat
_c1998
300 _a302 p.
942 _cBK
999 _c105267
_d105267